000 00932nam a2200289 a 4500
008
020 _a1853830763 (pbk.)
049 _aMAIN
090 _aHC79.E5
_bBLU
245 0 0 _aGreening the world economy /
_cDavid Pearce... [et al.].
260 _aLondon :
_bEarthscan Publications in association with the London Environmental Economics Centre,
_c1991.
300 _a232 p. ;
_c20 cm.
440 _aBlueprint ;
_v2
504 _aIncludes bibliographical references.
500 _aIncludes index.
650 0 _aEconomic development
_xEnvironmental aspects.
650 0 _aEnvironmental policy.
650 _aEnvironment
_aPollution
_aControl.
650 _aEconomics.
650 0 _aEnvironment
_aEconomics.
700 1 _aPearce, David W.
907 _a.b10019583
_b13-09-12
_c17-04-03
003
005 20230123133135.0
040 _cNUST
942 _cBOOKS
_kHC79.E5
_mBLU
999 _c143431
_d143431